Complex variables and the Laplace transform for engineers (Record no. 13856)

000 -LEADER
fixed length control field 00606nam a22002051 4500
001 - CONTROL NUMBER
control field 13856
003 - CONTROL NUMBER IDENTIFIER
control field BD-DhUET
008 - FIXED-LENGTH DATA ELEMENTS--GENERAL INFORMATION
fixed length control field 840622s1961 nyua b 000 0 eng
040 ## - CATALOGING SOURCE
Original cataloging agency DLC
Transcribing agency DLC
Modifying agency BD-DhUET
082 00 - DEWEY DECIMAL CLASSIFICATION NUMBER
Classification number 517.862
Item number LEP/1961
100 ## - MAIN ENTRY--PERSONAL NAME
Personal name LePage, Wilbur R.
245 10 - TITLE STATEMENT
Title Complex variables and the Laplace transform for engineers
250 ## - EDITION STATEMENT
Edition statement 1st ed.
260 ## - PUBLICATION, DISTRIBUTION, ETC. (IMPRINT)
Place of publication, distribution, etc. Bombay
Name of publisher, distributor, etc. McGraw-Hill
Date of publication, distribution, etc. 1961
300 ## - PHYSICAL DESCRIPTION
Extent xvi, 475 p.
Other physical details ill.
Dimensions 24 cm.
490 ## - SERIES STATEMENT
Series statement International series in pure and applied mathematics
504 ## - BIBLIOGRAPHY, ETC. NOTE
Bibliography, etc Includes bibliographies
650 #0 - SUBJECT ADDED ENTRY--TOPICAL TERM
Topical term or geographic name as entry element Calculus - Complex variables
942 ## - ADDED ENTRY ELEMENTS (KOHA)
Koha item type General Book
Holdings
Source of classification or shelving scheme Koha date last seen Withdrawn status Price effective from Koha item type Sublocation or collection (holding branch) Shelving location Koha full call number Not for loan Copy number Koha normalized classification for sorting Lost status Date acquired Damaged status Piece designation (barcode) Location (home branch)
 2015-03-05 2015-03-05General BookCentral Library, BUETCirculation section517.862/LEP/1961 1517_862000000000000_LEP_1961 2015-03-05 40116Central Library, BUET
 2015-03-05 2015-03-05General BookCentral Library, BUETCirculation section517.862/LEP/1961 2517_862000000000000_LEP_1961 2015-03-05 24385Central Library, BUET
 2015-03-07 2015-03-07General BookCentral Library, BUETCirculation section517.862/LEP/1961 3517_862000000000000_LEP_1961 2015-03-07 6374Central Library, BUET
 2015-03-07 2015-03-07General BookCentral Library, BUETCirculation section517.862/LEP/1961 4517_862000000000000_LEP_1961 2015-03-07 51027Central Library, BUET
 2015-03-07 2015-03-07General BookCentral Library, BUETCirculation section517.862/LEP/1961 5517_862000000000000_LEP_1961 2015-03-07 20963Central Library, BUET
 2015-03-07 2015-03-07General BookCentral Library, BUETCirculation section517.862/LEP/1961 6517_862000000000000_LEP_1961 2015-03-07 42659Central Library, BUET
 2015-03-07 2015-03-07General BookCentral Library, BUETCirculation section517.862/LEP/1961 7517_862000000000000_LEP_1961 2015-03-07 40115Central Library, BUET
 2015-03-07 2015-03-07General BookCentral Library, BUETCirculation section517.862/LEP/1961 8517_862000000000000_LEP_1961 2015-03-07 39671Central Library, BUET
 2015-03-07 2015-03-07General BookCentral Library, BUETCirculation section517.862/LEP/1961 9517_862000000000000_LEP_1961 2015-03-07 39670Central Library, BUET
 2015-03-07 2015-03-07General BookCentral Library, BUETCirculation section517.862/LEP/1961 10517_862000000000000_LEP_1961 2015-03-07 42660Central Library, BUET
 2015-03-09 2015-03-09General BookCentral Library, BUETCirculation section517.862/LEP/1961 11517_862000000000000_LEP_1961 2015-03-09 42661Central Library, BUET
 2015-03-09 2015-03-09General BookCentral Library, BUETCirculation section517.862/LEP/1961 12517_862000000000000_LEP_1961 2015-03-09 51026Central Library, BUET
 2015-05-03 2015-05-03General BookCentral Library, BUETCirculation section517.862/LEP/1961 13517_862000000000000_LEP_1961 2015-05-03 2039Central Library, BUET
 2015-05-03 2015-05-03General BookCentral Library, BUETCirculation section517.862/LEP/1961 14517_862000000000000_LEP_1961 2015-05-03 6375Central Library, BUET
 2015-05-03 2015-05-03General BookCentral Library, BUETCirculation section517.862/LEP/1961 15517_862000000000000_LEP_1961 2015-05-03 2041Central Library, BUET
 2015-05-03 2015-05-03General BookCentral Library, BUETCirculation section517.862/LEP/1961 16517_862000000000000_LEP_1961 2015-05-03 2040Central Library, BUET